000 00274nam a22001337a 4500
008 210514b ||||| |||| 00| 0 eng d
041 _aeng
080 _a781
082 _a781
100 _a45
101 _aMUZ
245 _aWorld of Music
_cBurdett,S
942 _2udc
_cBK
999 _c57319
_d57319